Émission d'Enfance au Québec par Images - 3 - Statistiques

Statistiques générales
  • Ce quiz a été pris 59 fois
  • Le résultat moyen est 4 sur 15
Statistiques - réponses
Par images Réponse % Correct
Tchoupi
87%
Les Bananes en Pyjama
52%
Marsupilami
52%
Les Pierrafeu
50%
Le Livre de la Jungle
30%
Les Légendaires
28%
Watatatow
26%
Yaya et Zouk
26%
Le Monde Secret du Père Noël
20%
Sherlock Yack
17%
Grizzy et les Lemmings
15%
Tactik
15%
Zou
9%
L'Homme le Plus Petit au Monde
4%
Thomas et ses Amies
4%
Aucun quiz correspondant
Distribution des résultats
% des personnes avec chaque résultat
Percentile par nombre de réponses
Votre historique - résultats
Vous n’avez pas pris ce quiz